[Event "Florianopolis 3rd"]
[Site "Florianopolis"]
[Date "2016.01.24"]
[Round "3"]
[White "Quintiliano Pinto, Renato Rodrigues"]
[Black "Rodriguez Vila, Andres"]
[Result "1/2-1/2"]
[WhiteElo "2430"]
[BlackElo "2487"]
[PlyCount "103"]
[EventDate "2016.01.23"]
[EventType "tourn"]
[EventRounds "9"]
[EventCountry "BRA"]
[EventCategory "6"]
[SourceTitle "CBM 170 Extra"]
[Source "ChessBase"]
[SourceDate "2016.02.25"]
[SourceVersion "1"]
[SourceVersionDate "2016.02.25"]
[SourceQuality "1"]

1. d4 c5 2. d5 e6 3. c4 exd5 4. cxd5 d6 5. Nc3 a6 6. a4 Be7 7. Nf3 Bg4 8. Qb3
b6 9. Nd2 Nf6 10. Nc4 Nbd7 11. Bf4 O-O 12. h3 Bh5 13. Nxd6 Bxd6 14. Bxd6 Re8
15. g4 Bg6 16. Bg2 h5 17. gxh5 Nxh5 18. O-O Bf5 19. Qc4 Qg5 20. Bg3 Ne5 21. Qh4
Qh6 22. Bxe5 Rxe5 23. f4 Re3 24. Rf3 Rxf3 25. Bxf3 Nxf4 26. Qxh6 gxh6 27. Kh2
Rd8 28. h4 Ng6 29. Kg3 Kg7 30. e4 Bc8 31. h5 Ne5 32. Be2 Kf6 33. Rf1+ Ke7 34.
Kf4 f6 35. Rg1 Kf7 36. Nd1 Bd7 37. b3 b5 38. Ne3 Rc8 39. axb5 axb5 40. Ng4 Bxg4
41. Bxg4 Ra8 42. Rc1 c4 43. bxc4 bxc4 44. Be6+ Ke7 45. Rb1 Ra7 46. Kf5 c3 47.
Rb6 Nc4 48. Rc6 Ra4 49. Rc7+ Kd6 50. Rc8 Ke7 51. Rc7+ Kd6 52. Rc8 1/2-1/2

[Event "Florianopolis 3rd"]
[Site "Florianopolis"]
[Date "2016.01.25"]
[Round "4"]
[White "Rodriguez Vila, Andres"]
[Black "Umetsubo, Cesar Hidemitsu"]
[Result "0-1"]
[WhiteElo "2487"]
[BlackElo "2370"]
[PlyCount "100"]
[EventDate "2016.01.23"]
[EventType "tourn"]
[EventRounds "9"]
[EventCountry "BRA"]
[EventCategory "6"]
[SourceTitle "CBM 170 Extra"]
[Source "ChessBase"]
[SourceDate "2016.02.25"]
[SourceVersion "1"]
[SourceVersionDate "2016.02.25"]
[SourceQuality "1"]

1. Nf3 Nf6 2. b3 d5 3. Bb2 Bf5 4. d3 e6 5. Nh4 Bg4 6. h3 Bh5 7. g4 Bg6 8. Nd2
Bd6 9. Bg2 Nbd7 10. e3 Qe7 11. Qe2 O-O-O 12. f4 Ne8 13. Qf2 f6 14. O-O-O Bf7
15. e4 Bc5 16. d4 Ba3 17. Rhe1 Qb4 18. Qf3 Nd6 19. c3 Qa5 20. e5 Nb5 21. Nb1
fxe5 22. fxe5 Rhf8 23. Qe3 Be7 24. Nf5 exf5 25. e6 f4 26. Qf3 Bg6 27. exd7+
Rxd7 28. a4 Be4 29. Rxe4 dxe4 30. Qxe4 Nd6 31. Qf3 Bh4 32. Nd2 c6 33. Ba3 Qc7
34. Nc4 Nxc4 35. Bxf8 Ne3 36. Rd2 Be7 37. Bxe7 Rxe7 38. g5 Qa5 39. Kb2 Qxg5 40.
c4 Qf5 41. Ka2 g5 42. Bh1 Qa5 43. Rb2 Rd7 44. Qe4 Nd1 45. Qe8+ Kc7 46. d5 Qc3
47. Re2 Qc1 48. d6+ Rxd6 49. Re7+ Kb6 50. c5+ Qxc5 0-1

[Event "Florianopolis 3rd"]
[Site "Florianopolis"]
[Date "2016.01.26"]
[Round "6"]
[White "Rodriguez Vila, Andres"]
[Black "Dejeanne, Francisco Horacio"]
[Result "1-0"]
[WhiteElo "2487"]
[BlackElo "2249"]
[PlyCount "51"]
[EventDate "2016.01.23"]
[EventType "tourn"]
[EventRounds "9"]
[EventCountry "BRA"]
[EventCategory "6"]
[SourceTitle "CBM 170 Extra"]
[Source "ChessBase"]
[SourceDate "2016.02.25"]
[SourceVersion "1"]
[SourceVersionDate "2016.02.25"]
[SourceQuality "1"]

1. e4 e6 2. Qe2 c5 3. Nf3 Nc6 4. g3 g6 5. Bg2 Bg7 6. c3 Nge7 7. h4 h5 8. Na3
O-O 9. O-O d5 10. e5 Nf5 11. d3 Rb8 12. Bg5 Qd7 13. Nc2 a5 14. d4 b6 15. Rfd1
Qa7 16. Qd2 b5 17. Nh2 b4 18. g4 bxc3 19. bxc3 hxg4 20. Nxg4 Rb2 21. Qc1 Rb8
22. Nf6+ Kh8 23. h5 Rd8 24. Rd3 Bxf6 25. Bxf6+ Kg8 26. Rh3 1-0

[Event "Florianopolis 3rd"]
[Site "Florianopolis"]
[Date "2016.01.27"]
[Round "7"]
[White "Rezende, Guilherme Vilela"]
[Black "Rodriguez Vila, Andres"]
[Result "0-1"]
[WhiteElo "2130"]
[BlackElo "2487"]
[PlyCount "76"]
[EventDate "2016.01.23"]
[EventType "tourn"]
[EventRounds "9"]
[EventCountry "BRA"]
[EventCategory "6"]
[SourceTitle "CBM 170 Extra"]
[Source "ChessBase"]
[SourceDate "2016.02.25"]
[SourceVersion "1"]
[SourceVersionDate "2016.02.25"]
[SourceQuality "1"]

1. e4 e6 2. d4 d5 3. Nd2 Nf6 4. e5 Nfd7 5. Bd3 c5 6. c3 Nc6 7. Ne2 Nb6 8. O-O
Bd7 9. f4 cxd4 10. cxd4 Be7 11. a3 a5 12. b3 f5 13. Nf3 O-O 14. h3 a4 15. b4
Na7 16. Nc3 Qe8 17. Qe2 Rc8 18. Bd2 Nc4 19. Be1 Qh5 20. Kh2 Qh6 21. g3 Be8 22.
Qf2 Bh5 23. Ra2 Bg4 24. Nh4 g5 25. hxg4 fxg4 26. f5 gxh4 27. Kg1 Bg5 28. Nd1
Ne3 29. Qe2 Nxf1 30. Qxf1 hxg3 31. Bxg3 Be3+ 32. Bf2 Bf4 33. Qg2 g3 34. Be1 Kh8
35. f6 Rc1 36. Be2 Nc6 37. Bc3 Be3+ 38. Kf1 Nxd4 0-1

[Event "Mar del Plata op 47th"]
[Site "Mar del Plata"]
[Date "2016.03.19"]
[Round "1"]
[White "Viera, Matias Nahuel"]
[Black "Rodriguez Vila, Andres"]
[Result "1/2-1/2"]
[WhiteElo "2000"]
[BlackElo "2488"]
[PlyCount "120"]
[EventDate "2016.03.19"]
[EventType "swiss"]
[EventRounds "9"]
[EventCountry "ARG"]
[SourceTitle "CBM 171 Extra"]
[Source "ChessBase"]
[SourceDate "2016.04.26"]
[SourceVersion "1"]
[SourceVersionDate "2016.04.26"]
[SourceQuality "1"]

1. d4 e6 2. c4 c5 3. e3 Nf6 4. Nf3 cxd4 5. Nxd4 Nc6 6. Be2 Be7 7. O-O O-O 8.
Nc3 d6 9. e4 a6 10. Be3 Qc7 11. Rc1 Ne5 12. f4 Ng6 13. Kh1 Bd7 14. Qe1 Rfe8 15.
Qg3 Bf8 16. Nf3 Bc6 17. Bd3 Rad8 18. Bb1 Rb8 19. Nh4 b5 20. cxb5 axb5 21. Nxg6
hxg6 22. e5 Nd5 23. Ne4 Nxe3 24. Qxe3 Qb7 25. Rf2 Bxe4 26. Bxe4 d5 27. Bd3 Ra8
28. b3 Be7 29. Rfc2 Ba3 30. Re1 Rab8 31. h4 Qe7 32. Qh3 Rec8 33. Ree2 Bc1 34.
g3 Rxc2 35. Rxc2 Be3 36. h5 g5 37. f5 Bd4 38. fxe6 Qxe6 39. Qxe6 fxe6 40. Rc6
Bxe5 41. Rxe6 Bxg3 42. Rg6 Bf4 43. h6 Rb7 44. Rxg7+ Rxg7 45. hxg7 b4 46. Kg2
Kxg7 47. Kf3 Kf6 48. Bh7 Kg7 49. Bf5 Kf7 50. Ke2 Kf6 51. Bg4 Ke5 52. Kd3 Bc1
53. Bf3 Bb2 54. Kc2 Bd4 55. Kd2 Bc3+ 56. Kd3 d4 57. Ke2 Kf4 58. Bd5 Bb2 59. Bc6
g4 60. Bd5 Kg3 1/2-1/2

[Event "Mar del Plata op 47th"]
[Site "Mar del Plata"]
[Date "2016.03.20"]
[Round "3"]
[White "Gimenez, Ismael"]
[Black "Rodriguez Vila, Andres"]
[Result "0-1"]
[WhiteElo "2161"]
[BlackElo "2488"]
[PlyCount "77"]
[EventDate "2016.03.19"]
[EventType "swiss"]
[EventRounds "9"]
[EventCountry "ARG"]
[SourceTitle "CBM 171 Extra"]
[Source "ChessBase"]
[SourceDate "2016.04.26"]
[SourceVersion "1"]
[SourceVersionDate "2016.04.26"]
[SourceQuality "1"]

1. c4 g6 2. Nc3 Bg7 3. g3 e5 4. Bg2 d6 5. e3 Nc6 6. Nge2 Be6 7. d3 Qd7 8. h3 f5
9. f4 Nf6 10. Nd5 O-O 11. O-O Rae8 12. Bd2 Nh5 13. Kh2 Nd8 14. Ndc3 c6 15. Qa4
a6 16. a3 exf4 17. gxf4 Nf6 18. Nd4 Bf7 19. Rac1 d5 20. c5 Qc7 21. Nf3 Ne6 22.
d4 Ne4 23. Nxe4 dxe4 24. Ne5 Bxe5 25. fxe5 Qd8 26. Rc2 Qh4 27. Be1 Qh5 28. Rd2
Nc7 29. Bf2 Bd5 30. Qd1 Qh6 31. Qe2 Ne6 32. Rdd1 g5 33. Rg1 Kh8 34. Bh1 Rg8 35.
b4 Ref8 36. a4 f4 37. exf4 Nxf4 38. Qe3 Be6 39. h4 0-1

[Event "Mar del Plata op 47th"]
[Site "Mar del Plata"]
[Date "2016.03.21"]
[Round "4"]
[White "Guerrero, Alvaro"]
[Black "Rodriguez Vila, Andres"]
[Result "0-1"]
[WhiteElo "2161"]
[BlackElo "2488"]
[PlyCount "33"]
[EventDate "2016.03.19"]
[EventType "swiss"]
[EventRounds "9"]
[EventCountry "ARG"]
[SourceTitle "CBM 171 Extra"]
[Source "ChessBase"]
[SourceDate "2016.04.26"]
[SourceVersion "1"]
[SourceVersionDate "2016.04.26"]
[SourceQuality "1"]

1. d4 e6 2. c4 Nf6 3. Nc3 c5 4. d5 exd5 5. cxd5 Bd6 6. Nf3 O-O 7. g3 a6 8. a4
Bc7 9. Bg2 d6 10. O-O Nbd7 11. Nd2 Rb8 12. b3 b5 13. axb5 axb5 14. Bb2 Re8 15.
h3 Nf8 16. Ra2 Bb7 17. Re1 0-1

[Event "Mar del Plata op 47th"]
[Site "Mar del Plata"]
[Date "2016.03.22"]
[Round "5"]
[White "Rodriguez Vila, Andres"]
[Black "Rosito, Jorge"]
[Result "0-1"]
[WhiteElo "2488"]
[BlackElo "2356"]
[PlyCount "108"]
[EventDate "2016.03.19"]
[EventType "swiss"]
[EventRounds "9"]
[EventCountry "ARG"]
[SourceTitle "CBM 171 Extra"]
[Source "ChessBase"]
[SourceDate "2016.04.26"]
[SourceVersion "1"]
[SourceVersionDate "2016.04.26"]
[SourceQuality "1"]

1. e4 c5 2. Ne2 e6 3. c3 d5 4. exd5 Qxd5 5. d4 Nf6 6. Be3 cxd4 7. cxd4 Nc6 8.
Nec3 Qd8 9. Bd3 Be7 10. O-O O-O 11. a3 b6 12. Bc2 Ba6 13. Re1 Rc8 14. b4 Bb7
15. Qd3 g6 16. Nd2 Bxb4 17. Ne2 Be7 18. Nf3 Na5 19. Ng3 Bxf3 20. gxf3 Nd5 21.
Qe4 Nxe3 22. fxe3 Nc4 23. Re2 Nxa3 24. Bb3 Nb5 25. Qd3 Nd6 26. Rxa7 Rc7 27.
Rea2 b5 28. Kg2 Qc8 29. Rxc7 Qxc7 30. Rc2 Qb7 31. d5 exd5 32. Bxd5 Qa7 33. e4
Rd8 34. Qb3 Qd4 35. Qc3 Qxc3 36. Rxc3 Rc8 37. Rb3 Rc2+ 38. Kh3 Rc5 39. Ne2 Nc4
40. Nd4 Nd6 41. Nc6 Bf6 42. Ra3 Rc3 43. Ra8+ Kg7 44. e5 Bxe5 45. Nxe5 Rc5 46.
Nxf7 Rxd5 47. Nxd6 Rxd6 48. Rb8 Rd5 49. Rb7+ Kf6 50. Kg3 Rh5 51. f4 Ke6 52. f5+
Rxf5 53. Rxh7 Kd5 54. Rh6 g5 0-1

[Event "Mar del Plata op 47th"]
[Site "Mar del Plata"]
[Date "2016.03.23"]
[Round "6"]
[White "Rodriguez Vila, Andres"]
[Black "Gallego, Gonzalo"]
[Result "1-0"]
[WhiteElo "2488"]
[BlackElo "2155"]
[PlyCount "115"]
[EventDate "2016.03.19"]
[EventType "swiss"]
[EventRounds "9"]
[EventCountry "ARG"]
[SourceTitle "CBM 171 Extra"]
[Source "ChessBase"]
[SourceDate "2016.04.26"]
[SourceVersion "1"]
[SourceVersionDate "2016.04.26"]
[SourceQuality "1"]

1. e4 c5 2. Nc3 Nc6 3. Nge2 Nf6 4. d4 cxd4 5. Nxd4 e5 6. Ndb5 d6 7. Nd5 Nxd5 8.
exd5 Nb8 9. Qf3 a6 10. Qa3 Be7 11. Bg5 f6 12. Bd2 O-O 13. Be2 b6 14. c4 Bb7 15.
Nc3 f5 16. O-O f4 17. Ne4 Nd7 18. Bb4 Nc5 19. Bxc5 bxc5 20. Bg4 Bc8 21. Bxc8
Qxc8 22. f3 Rb8 23. Rac1 Rb6 24. Rf2 Qd7 25. Qd3 Rfb8 26. Rcc2 g6 27. Qd2 Kh8
28. Re2 Qa4 29. b3 Qd7 30. Qc3 Qa7 31. Qb2 Kg8 32. Kh1 Qd7 33. Rc1 Rb4 34. Qa3
Qa7 35. Rf1 R4b6 36. Qc1 Qd7 37. g4 h6 38. h4 Bd8 39. Rh2 Kg7 40. Rg1 Qf7 41.
Qe1 Bc7 42. Qf1 Bd8 43. Qh3 Qe7 44. Ng5 Kg8 45. Ne6 R6b7 46. Qf1 Ba5 47. Qc1
Bb4 48. Qc2 Qf7 49. h5 g5 50. Qg6+ Qxg6 51. hxg6 e4 52. fxe4 Re7 53. Rxh6 Rxe6
54. dxe6 Bc3 55. Rh7 Re8 56. e7 Bf6 57. Kg2 Bxe7 58. Kf3 1-0

[Event "Mar del Plata op 47th"]
[Site "Mar del Plata"]
[Date "2016.03.24"]
[Round "7"]
[White "Leskovar, Mario Leopoldo"]
[Black "Rodriguez Vila, Andres"]
[Result "0-1"]
[WhiteElo "2315"]
[BlackElo "2488"]
[PlyCount "53"]
[EventDate "2016.03.19"]
[EventType "swiss"]
[EventRounds "9"]
[EventCountry "ARG"]
[SourceTitle "CBM 171 Extra"]
[Source "ChessBase"]
[SourceDate "2016.04.26"]
[SourceVersion "1"]
[SourceVersionDate "2016.04.26"]
[SourceQuality "1"]

1. b3 e5 2. Bb2 d6 3. e3 Nf6 4. d4 Qe7 5. Nf3 e4 6. Nfd2 g6 7. c4 Bg7 8. Nc3
O-O 9. Qc2 Re8 10. h3 h5 11. O-O-O c5 12. dxc5 dxc5 13. Nd5 Nxd5 14. cxd5 Bxb2+
15. Qxb2 Nd7 16. Bb5 a6 17. d6 Qg5 18. Bxd7 Bxd7 19. Nc4 Rad8 20. Na5 b5 21. g4
Re6 22. Kb1 Bc8 23. h4 Qxg4 24. Nc6 Rdxd6 25. Ne7+ Kh7 26. Rxd6 Rxd6 27. Qe5
0-1

[Event "Mar del Plata op 47th"]
[Site "Mar del Plata"]
[Date "2016.03.25"]
[Round "8"]
[White "Rodriguez Vila, Andres"]
[Black "Perelman, Hernan"]
[Result "1-0"]
[WhiteElo "2488"]
[BlackElo "2314"]
[PlyCount "111"]
[EventDate "2016.03.19"]
[EventType "swiss"]
[EventRounds "9"]
[EventCountry "ARG"]
[SourceTitle "CBM 171 Extra"]
[Source "ChessBase"]
[SourceDate "2016.04.26"]
[SourceVersion "1"]
[SourceVersionDate "2016.04.26"]
[SourceQuality "1"]

1. e4 d6 2. d4 Nf6 3. Nc3 e5 4. Nf3 Nbd7 5. g4 h6 6. g5 hxg5 7. Nxg5 exd4 8.
Qxd4 c6 9. Bf4 Ng4 10. Be2 Qb6 11. Qxb6 Nxb6 12. Rg1 Ne5 13. O-O-O f6 14. Nf3
g5 15. Bg3 Nxf3 16. Bxf3 Nd7 17. Bg4 Ne5 18. Bxc8 Rxc8 19. Ne2 Rd8 20. Nd4 Kf7
21. Kb1 Re8 22. Rge1 Ke7 23. h4 Kd7 24. hxg5 fxg5 25. Nf5 Kc7 26. b3 Re6 27. c4
b6 28. Rh1 Rxh1 29. Rxh1 Kd7 30. Rh7+ Be7 31. Ng7 Rf6 32. Bxe5 dxe5 33. Nf5 Re6
34. f3 a5 35. Kc2 Kd8 36. Rg7 Bc5 37. Rxg5 Re8 38. Nh6 Kd7 39. Ng4 Kd6 40. Kd2
Ba3 41. Rh5 Bb2 42. Rh2 Ba3 43. Rh6+ Kc7 44. Rh5 Kd6 45. Nh6 Rf8 46. Rf5 Re8
47. Nf7+ Ke6 48. Nxe5 Rd8+ 49. Ke2 Rh8 50. Nxc6 Rh2+ 51. Kd3 Rxa2 52. Nd4+ Kd7
53. e5 Rf2 54. e6+ Ke8 55. Nc6 Rh2 56. Rd5 1-0

[Event "Mar del Plata op 47th"]
[Site "Mar del Plata"]
[Date "2016.03.26"]
[Round "9"]
[White "Krysa, Leandro Sergio"]
[Black "Rodriguez Vila, Andres"]
[Result "1/2-1/2"]
[WhiteElo "2476"]
[BlackElo "2488"]
[PlyCount "61"]
[EventDate "2016.03.19"]
[EventType "swiss"]
[EventRounds "9"]
[EventCountry "ARG"]
[SourceTitle "CBM 171 Extra"]
[Source "ChessBase"]
[SourceDate "2016.04.26"]
[SourceVersion "1"]
[SourceVersionDate "2016.04.26"]
[SourceQuality "1"]

1. Nf3 d6 2. d4 f5 3. g3 Nf6 4. Bg2 g6 5. O-O Bg7 6. c4 O-O 7. Nc3 c6 8. b4 Kh8
9. Rb1 a6 10. a4 Qc7 11. d5 c5 12. bxc5 Qxc5 13. Qb3 Nbd7 14. Be3 Qc7 15. Ng5
Nc5 16. Bxc5 Qxc5 17. Ne6 Bxe6 18. dxe6 Rab8 19. Nd5 Nxd5 20. Bxd5 b6 21. e3
Rfc8 22. Qb4 b5 23. axb5 axb5 24. Qxc5 Rxc5 25. Rb3 b4 26. Rfb1 Ra5 27. Rxb4
Rxb4 28. Rxb4 Bf6 29. Kg2 Ra1 30. Rb3 Rc1 31. h4 1/2-1/2

[Event "Monte Grande 1st"]
[Site "Monte Grande"]
[Date "2016.04.02"]
[Round "1"]
[White "Rodriguez Vila, Andres"]
[Black "Cunha, Lucas Aguiar"]
[Result "1-0"]
[WhiteElo "2487"]
[BlackElo "2313"]
[PlyCount "70"]
[EventDate "2016.04.02"]
[EventType "tourn"]
[EventRounds "9"]
[EventCountry "ARG"]
[SourceTitle "CBM 171 Extra"]
[Source "ChessBase"]
[SourceDate "2016.04.26"]
[SourceVersion "1"]
[SourceVersionDate "2016.04.26"]
[SourceQuality "1"]

1. e4 c5 2. Nc3 Nc6 3. Nge2 g6 4. d4 cxd4 5. Nxd4 Bg7 6. Be3 Nf6 7. Nxc6 bxc6
8. e5 Nd5 9. Nxd5 cxd5 10. Qxd5 Rb8 11. Bc4 O-O 12. O-O Bb7 13. Qd3 Bxe5 14.
Bxa7 Rc8 15. f4 Bxb2 16. Rab1 Qa5 17. Be3 Rxc4 18. Qxc4 Ba6 19. Qc5 Qxc5 20.
Bxc5 Bxf1 21. Bxe7 Ra8 22. Rxb2 Bc4 23. a3 f6 24. c3 Kf7 25. Bc5 Ke6 26. Kf2
Kd5 27. Bb4 Ke4 28. Rd2 d5 29. g3 g5 30. Rd1 Kf5 31. Re1 Bd3 32. Re7 Ra6 33. h3
h5 34. g4+ Kxf4 35. c4 Bxc4 1-0

[Event "Monte Grande 1st"]
[Site "Monte Grande"]
[Date "2016.04.03"]
[Round "2"]
[White "Alarcon Careaga, Gustavo"]
[Black "Rodriguez Vila, Andres"]
[Result "0-1"]
[WhiteElo "2109"]
[BlackElo "2487"]
[PlyCount "64"]
[EventDate "2016.04.02"]
[EventType "tourn"]
[EventRounds "9"]
[EventCountry "ARG"]
[SourceTitle "CBM 171 Extra"]
[Source "ChessBase"]
[SourceDate "2016.04.26"]
[SourceVersion "1"]
[SourceVersionDate "2016.04.26"]
[SourceQuality "1"]

1. e4 e6 2. d4 d5 3. Nc3 Bb4 4. e5 c5 5. a3 Bxc3+ 6. bxc3 Nc6 7. Qg4 g6 8. h4
Qa5 9. Bd2 Qa4 10. Rc1 cxd4 11. Nf3 Qxa3 12. cxd4 h5 13. Qf4 Bd7 14. Be2 Nh6
15. Qf6 Qf8 16. Bxh6 Qxh6 17. O-O O-O 18. c4 Qg7 19. Qg5 f6 20. exf6 Rxf6 21.
cxd5 Rf5 22. Qg3 Rxd5 23. Bc4 Nxd4 24. Nxd4 Rxd4 25. Rfe1 Re8 26. Bd3 Rg4 27.
Qd6 Bc6 28. g3 Qf6 29. Be2 Rf8 30. Rf1 Re4 31. Qd3 Qf5 32. Kh2 Qe5 0-1

[Event "Monte Grande 1st"]
[Site "Monte Grande"]
[Date "2016.04.04"]
[Round "3"]
[White "Rodriguez Vila, Andres"]
[Black "Paveto, Kevin"]
[Result "1-0"]
[WhiteElo "2487"]
[BlackElo "2458"]
[PlyCount "125"]
[EventDate "2016.04.02"]
[EventType "tourn"]
[EventRounds "9"]
[EventCountry "ARG"]
[SourceTitle "CBM 171 Extra"]
[Source "ChessBase"]
[SourceDate "2016.04.26"]
[SourceVersion "1"]
[SourceVersionDate "2016.04.26"]
[SourceQuality "1"]

1. d4 Nf6 2. Nf3 g6 3. Bg5 Bg7 4. Nbd2 d5 5. e3 O-O 6. Be2 c5 7. c3 Qb6 8. Qb3
Nc6 9. O-O cxd4 10. Qxb6 axb6 11. exd4 Bf5 12. Rfe1 h6 13. Bh4 g5 14. Bg3 Rac8
15. Bb5 Rfe8 16. h3 Nh5 17. Bh2 Nf4 18. h4 f6 19. Re3 Ng6 20. hxg5 hxg5 21. Nf1
g4 22. Ne1 e5 23. dxe5 fxe5 24. Rd1 Be6 25. Nd3 Bh6 26. Ree1 e4 27. Nb4 Red8
28. Nc2 Nge5 29. Nfe3 Kf7 30. Bg3 Bg5 31. Be2 Kf6 32. Nd4 Nxd4 33. cxd4 Nc4 34.
Nxg4+ Kg7 35. f4 exf3 36. Bxf3 Bxg4 37. Bxg4 Be3+ 38. Kh2 Rh8+ 39. Bh3 Nxb2 40.
Be5+ Kg6 41. Rb1 Nc4 42. Bxh8 Rxh8 43. Rb5 Rh5 44. g4 Rg5 45. Rxe3 Nxe3 46.
Rxb6+ Kf7 47. Kg3 Rg8 48. Kf4 Nc4 49. Rxb7+ Kg6 50. Rd7 Rf8+ 51. Kg3 Ne3 52.
Rd6+ Kg5 53. Re6 Nc4 54. Bg2 Ra8 55. Bxd5 Ra3+ 56. Bf3 Nd2 57. Re5+ Kg6 58. Rf5
Rxa2 59. Kf4 Ra4 60. Rd5 Nb3 61. Rd6+ Kg7 62. Rd7+ Kf6 63. g5+ 1-0

[Event "Monte Grande 1st"]
[Site "Monte Grande"]
[Date "2016.04.05"]
[Round "4"]
[White "Barrientos Medina, Juan Carlos"]
[Black "Rodriguez Vila, Andres"]
[Result "0-1"]
[WhiteElo "2017"]
[BlackElo "2487"]
[PlyCount "56"]
[EventDate "2016.04.02"]
[EventType "tourn"]
[EventRounds "9"]
[EventCountry "ARG"]
[SourceTitle "CBM 171 Extra"]
[Source "ChessBase"]
[SourceDate "2016.04.26"]
[SourceVersion "1"]
[SourceVersionDate "2016.04.26"]
[SourceQuality "1"]

1. e4 e6 2. d4 d5 3. Nc3 Bb4 4. e5 c5 5. a3 Bxc3+ 6. bxc3 Nc6 7. Nf3 Qa5 8. Bd2
Qa4 9. Be3 c4 10. g3 Bd7 11. Bh3 O-O-O 12. O-O h6 13. Nd2 Qa5 14. Nb1 f5 15.
Qc1 Nge7 16. a4 g5 17. f4 Ng6 18. Qa3 Rdg8 19. Bg2 gxf4 20. Bxf4 h5 21. Bg5 h4
22. Bf6 Rh7 23. Qd6 hxg3 24. hxg3 Nh8 25. Kf2 Nf7 26. Qa3 Rh6 27. Ra2 Qc7 28.
Re1 Rxf6 0-1

[Event "Monte Grande 1st"]
[Site "Monte Grande"]
[Date "2016.04.06"]
[Round "5"]
[White "Rodriguez Vila, Andres"]
[Black "Cimer, Emmanuel"]
[Result "1-0"]
[WhiteElo "2487"]
[BlackElo "2165"]
[PlyCount "57"]
[EventDate "2016.04.02"]
[EventType "tourn"]
[EventRounds "9"]
[EventCountry "ARG"]
[SourceTitle "CBM 171 Extra"]
[Source "ChessBase"]
[SourceDate "2016.04.26"]
[SourceVersion "1"]
[SourceVersionDate "2016.04.26"]
[SourceQuality "1"]

1. e4 c5 2. Nf3 d6 3. d4 cxd4 4. Nxd4 Nf6 5. f3 g6 6. c4 Bg7 7. Nc3 O-O 8. Be3
Nc6 9. Qd2 Bd7 10. Nc2 a5 11. Be2 a4 12. O-O Ne5 13. b3 Qa5 14. b4 Qc7 15. Na3
Rfc8 16. Rac1 Qd8 17. Rfd1 Be6 18. Nd5 Nfd7 19. Kh1 f5 20. Bg5 Bxd5 21. Qxd5+
Kh8 22. exf5 gxf5 23. Qe6 Qb6 24. f4 Nf8 25. Qxf5 Neg6 26. Nb5 h6 27. Qh3 Kg8
28. Bxh6 Qf2 29. Bf3 1-0

[Event "Monte Grande 1st"]
[Site "Monte Grande"]
[Date "2016.04.07"]
[Round "6"]
[White "Rodriguez Vila, Andres"]
[Black "Saldano Dayer, Horacio"]
[Result "1-0"]
[WhiteElo "2487"]
[BlackElo "2416"]
[PlyCount "93"]
[EventDate "2016.04.02"]
[EventType "tourn"]
[EventRounds "9"]
[EventCountry "ARG"]
[SourceTitle "CBM 171 Extra"]
[Source "ChessBase"]
[SourceDate "2016.04.26"]
[SourceVersion "1"]
[SourceVersionDate "2016.04.26"]
[SourceQuality "1"]

1. e4 c5 2. Nf3 e6 3. c3 Nf6 4. Qe2 d5 5. e5 Nfd7 6. d3 Nc6 7. Bf4 Be7 8. h4 b5
9. g3 b4 10. c4 dxc4 11. dxc4 Bb7 12. Rh2 Nd4 13. Nxd4 cxd4 14. Nd2 Nc5 15.
O-O-O Qa5 16. Kb1 b3 17. Nxb3 Nxb3 18. axb3 Qb6 19. Bg5 Bc5 20. Rd3 a5 21. Bg2
Bxg2 22. Rxg2 a4 23. Qd1 O-O 24. bxa4 Qc6 25. f3 Rxa4 26. b3 Rb8 27. Rb2 Ra6
28. Bc1 Qa8 29. Kc2 h5 30. Rb1 Ra2+ 31. Bb2 Ba3 32. Rxd4 Bxb2 33. Rxb2 Ra1 34.
Qe2 Rg1 35. g4 Qa3 36. Rd1 Rg3 37. gxh5 Qa8 38. Rf1 Qa5 39. Rd1 Qa8 40. Rd3 Rg1
41. Qd2 Qa1 42. Rd4 Ra8 43. Rg4 Ra2 44. Rxa2 Qxa2+ 45. Kc3 Qa5+ 46. Kd3 Qd8+
47. Kc3 1-0

[Event "Monte Grande 1st"]
[Site "Monte Grande"]
[Date "2016.04.08"]
[Round "7"]
[White "Fell, Sebastian"]
[Black "Rodriguez Vila, Andres"]
[Result "0-1"]
[WhiteElo "2316"]
[BlackElo "2487"]
[PlyCount "44"]
[EventDate "2016.04.02"]
[EventType "tourn"]
[EventRounds "9"]
[EventCountry "ARG"]
[SourceTitle "CBM 171 Extra"]
[Source "ChessBase"]
[SourceDate "2016.04.26"]
[SourceVersion "1"]
[SourceVersionDate "2016.04.26"]
[SourceQuality "1"]

1. e4 e6 2. d4 c5 3. d5 d6 4. Nc3 a6 5. a4 Be7 6. Nf3 Bf6 7. dxe6 Bxe6 8. Bf4
Qb6 9. Rb1 Nd7 10. Be2 Ne5 11. O-O Ne7 12. Bxe5 dxe5 13. Qc1 O-O 14. Rd1 Rfd8
15. Qe3 Rd4 16. Nxd4 cxd4 17. Qd2 h6 18. Bd3 dxc3 19. Qxc3 Nc6 20. b4 Nd4 21.
Qb2 Bg4 22. Re1 Bh4 0-1

[Event "Monte Grande 1st"]
[Site "Monte Grande"]
[Date "2016.04.09"]
[Round "8"]
[White "Rodriguez Vila, Andres"]
[Black "Beherens, Leonardo"]
[Result "1-0"]
[WhiteElo "2487"]
[BlackElo "2013"]
[PlyCount "79"]
[EventDate "2016.04.02"]
[EventType "tourn"]
[EventRounds "9"]
[EventCountry "ARG"]
[SourceTitle "CBM 171 Extra"]
[Source "ChessBase"]
[SourceDate "2016.04.26"]
[SourceVersion "1"]
[SourceVersionDate "2016.04.26"]
[SourceQuality "1"]

1. e4 c5 2. Nf3 d6 3. c3 Nf6 4. Bd3 Nc6 5. h3 e6 6. O-O d5 7. e5 Nd7 8. Re1 g6
9. Bc2 d4 10. d3 Bg7 11. Bf4 O-O 12. cxd4 cxd4 13. Na3 Nb6 14. Qd2 f6 15. exf6
Bxf6 16. Bh6 Bg7 17. Re4 Rf5 18. Bb3 Qf6 19. Bxg7 Kxg7 20. Rae1 Nd5 21. Nc4
Rxf3 22. gxf3 Qxf3 23. Rh4 h5 24. Qg5 Qf6 25. Rxh5 Qxg5+ 26. Rxg5 Nf4 27. Rg3
Kf6 28. Rf3 e5 29. Nxe5 Nxe5 30. Rxf4+ Bf5 31. Bd5 g5 32. Rxf5+ Kxf5 33. Bxb7
Rb8 34. Be4+ Kf6 35. Rb1 Rc8 36. a4 Ke6 37. a5 Kd6 38. b4 Rb8 39. b5 Nd7 40. b6
1-0

[Event "Monte Grande 1st"]
[Site "Monte Grande"]
[Date "2016.04.10"]
[Round "9"]
[White "Perez, Maximiliano"]
[Black "Rodriguez Vila, Andres"]
[Result "1/2-1/2"]
[WhiteElo "2429"]
[BlackElo "2487"]
[PlyCount "83"]
[EventDate "2016.04.02"]
[EventType "tourn"]
[EventRounds "9"]
[EventCountry "ARG"]
[SourceTitle "CBM 171 Extra"]
[Source "ChessBase"]
[SourceDate "2016.04.26"]
[SourceVersion "1"]
[SourceVersionDate "2016.04.26"]
[SourceQuality "1"]

1. e4 c5 2. Nf3 g6 3. c3 Bg7 4. d4 Nf6 5. Bd3 d6 6. h3 O-O 7. O-O Na6 8. Re1
Qb6 9. Nbd2 cxd4 10. cxd4 Nb4 11. Bb1 Bd7 12. a3 Qa6 13. Qb3 Nc6 14. Qe3 b5 15.
Bd3 Nb4 16. Bb1 Rfc8 17. Qb3 Nc6 18. Bd3 Rab8 19. Nb1 Qb6 20. Be3 Na5 21. Qd1
Nc4 22. Bc1 Nh5 23. Bf1 Qb7 24. Nc3 Nf6 25. Bd3 a5 26. Qe2 Ra8 27. e5 dxe5 28.
dxe5 Ne8 29. a4 b4 30. Bxc4 bxc3 31. bxc3 e6 32. Bd2 Bc6 33. Rab1 Bxf3 34. gxf3
Qe7 35. Qe4 Bxe5 36. Bxe6 Qxe6 37. Qxe5 Qxh3 38. Be3 Qxf3 39. Bd4 Qg4+ 40. Kf1
Qh3+ 41. Kg1 Qg4+ 42. Kf1 1/2-1/2